Tutte le Categorie presenti agli Oscar - Statistics

Statistiche generali
  • Questo quiz è stato fatto 74 volte
  • Il punteggio medio è 14 su 23
Statistiche sulle risposte
Parte iniziale Nome della Categoria % Corretto
Oscar al miglior attore
98%
Oscar al miglior film
97%
Oscar alla miglior attrice
95%
Oscar al miglior regista
89%
Oscar al miglior attore non protagonista
86%
Oscar alla miglior attrice non protagonista
86%
Oscar alla miglior colonna sonora originale
81%
Oscar ai migliori costumi
75%
Oscar ai migliori trucco e acconciatura
66%
Oscar al miglior cortometraggio
59%
Oscar alla miglior fotografia
59%
Oscar ai migliori effetti speciali
58%
Oscar alla miglior scenografia
53%
Oscar al miglior film d'animazione
52%
Oscar alla miglior sceneggiatura originale
52%
Oscar alla miglior canzone originale
50%
Oscar al miglior montaggio
50%
Oscar alla miglior sceneggiatura non originale
48%
Oscar al miglior sonoro
41%
Oscar al miglior documentario
36%
Oscar al miglior film internazionale
30%
Oscar al miglior cortometraggio d'animazione
25%
Oscar al miglior cortometraggio documentario
20%
Nessun quiz corrispondente trovato
Distribuzione punteggi
Percentuale di utenti per punteggio
Percentile per numero di risposta
I tuoi punteggi nel tempo
Non hai fatto questo quiz